| 000 | 00540nam a2200169Ia 4500 | ||
|---|---|---|---|
| 999 |
_c12148 _d12148 |
||
| 003 | OSt | ||
| 005 | 20201102095430.0 | ||
| 008 | 190216s9999||||xx |||||||||||||| ||und|| | ||
| 040 | _coclc | ||
| 082 |
_a823.8 _bSTE/D |
||
| 100 |
_aStevenson, Robert Louis _94847 |
||
| 245 | 0 |
_aDr. Jekyll And Mr. Hyde : Island Night`s Entertainments The Merry Men And Other Stroies / _cR L Stevenson |
|
| 260 |
_bHeron Books, _c1967. _aLondon: |
||
| 300 | _a475p | ||
| 650 | _aSpeeches | ||
| 942 |
_cBK _2ddc _h823.8 _iSTE/D _k823.8 _mSTE/D |
||